Floods, people, and the environment : (Record no. 24423)

MARC details
000 -LEADER
fixed length control field 01081nam a2200301 a 4500
001 - CONTROL NUMBER
control field 2028806
003 - CONTROL NUMBER IDENTIFIER
control field BDDh-ASL
005 - DATE AND TIME OF LATEST TRANSACTION
control field 20231015030350.0
008 - FIXED-LENGTH DATA ELEMENTS--GENERAL INFORMATION
fixed length control field 920313s1991 bg ab b f000 0 eng
010 ## - LIBRARY OF CONGRESS CONTROL NUMBER
LC control number 91909399
025 ## - OVERSEAS ACQUISITION NUMBER
Overseas acquisition number B-E-7013
040 ## - CATALOGING SOURCE
Original cataloging agency DLC
Transcribing agency DLC
Modifying agency DLC
-- BDDh-ASL
043 ## - GEOGRAPHIC AREA CODE
Geographic area code a-bg---
050 00 - LIBRARY OF CONGRESS CALL NUMBER
Classification number TC504.65
Item number .A36 1991
082 00 - DEWEY DECIMAL CLASSIFICATION NUMBER
Classification number 363.3493
Edition number 20
Item number SHF
100 1# - MAIN ENTRY--PERSONAL NAME
Personal name Adnan, Shapan.
245 10 - TITLE STATEMENT
Title Floods, people, and the environment :
Remainder of title institutional aspects of flood protection programmes in Bangladesh, 1990 /
Statement of responsibility, etc. Shapan Adnan ; with support from M.A. Ghani ... [et al.].
250 ## - EDITION STATEMENT
Edition statement 1st ed.
260 ## - PUBLICATION, DISTRIBUTION, ETC.
Place of publication, distribution, etc. Dhaka, Bangladesh :
Name of publisher, distributor, etc. Research & Advisory Services,
Date of publication, distribution, etc. c1991.
300 ## - PHYSICAL DESCRIPTION
Extent 127 p. :
Other physical details ill., maps ;
Dimensions 29 cm.
504 ## - BIBLIOGRAPHY, ETC. NOTE
Bibliography, etc. note Includes bibliographical references (p. 120).
650 #0 - SUBJECT ADDED ENTRY--TOPICAL TERM
Topical term or geographic name entry element Flood control
Geographic subdivision Bangladesh.
650 #0 - SUBJECT ADDED ENTRY--TOPICAL TERM
Topical term or geographic name entry element Floods
Geographic subdivision Bangladesh.
700 1# - ADDED ENTRY--PERSONAL NAME
Personal name Ghani, M. A.
906 ## - LOCAL DATA ELEMENT F, LDF (RLIN)
a 7
b cbc
c orignew
d 3
e ncip
f 19
g y-gencatlg
942 ## - ADDED ENTRY ELEMENTS (KOHA)
Source of classification or shelving scheme Dewey Decimal Classification
Koha item type Books
Holdings
Withdrawn status Lost status Source of classification or shelving scheme Damaged status Not for loan Collection code Home library Current library Shelving location Date acquired Source of acquisition Total Checkouts Full call number Barcode Date last seen Copy number Price effective from Koha item type
    Dewey Decimal Classification     Non-fiction Asiatic Society Library Asiatic Society Library General Stacks 04/22/2021 ASB Library Collections   363.3493 SHF 109042 04/22/2021 C-1 04/22/2021 Books

Powered by Koha